000 00418nam a2200145Ia 4500
008 230917s9999||||xx |||||||||||||| ||und||
040 _e48154
_aMAIN
041 _aEnglish
082 _a822.33 S15K:I
100 _aKnight, G Wilson
245 0 _aImperial theme: Further interpretations of Shakespeare's tragedies including the Roman plays
260 _aLondon
_bMethuen
_c1965
300 _axv, 367 p.
942 _cBK
999 _c123695
_d123695